Szczegóły MARC21

Święta wojna : ekspansja i upadek fundamentalizmu muzułmańskiego /

003 -Nazwa inst., której nr kontr. jest w polu 001 [,]
    • @
    • Nazwa instytucji, której n kontrolny jest w polu 001
    • NUKAT
005 -DATA I CZAS OSTATNIEJ MODYFIKACJI [,]
    • @
    • pole kontrolne
    • 20241231110720.0
020 -Międzynarod. znormalizowany nr książki - ISBN [ , ]
    • a
    • Numer ISBN
    • 8388938371 Find
040 -Instytucja sporządzająca opis [ , ]
    • a
    • Instytucja, która sporządziła opis (NP)
    • WA U/69WMM
    • c
    • Instytucja, która sporządziła rekord (NP)
    • WA U/WMM
    • d
    • Instytucja, która zmodyfikowała rekord (P)
    • WA U/WMM
    • d
    • Instytucja, która zmodyfikowała rekord (P)
    • WR U/BKs
    • d
    • Instytucja, która zmodyfikowała rekord (P)
    • WR O/JG
    • d
    • Instytucja, która zmodyfikowała rekord (P)
    • POZN U/HC
    • d
    • Instytucja, która zmodyfikowała rekord (P)
    • SZCZ U/JS
041 -Język dokumentu [1, ]
    • a
    • Język tekstu (P)
    • polski
    • h
    • Język tekstu oryginalnego i/lub pośredniego (P)
    • francuski
942 -Rodzaj dokumentu [ , ]
    • c
    • Rodzaj dokumentu
    • Książka
100 -Hasło główne - nazwa osobowa [1, ]
    • a
    • Nazwa osobowa (NP)
    • Kepel, Gilles
    • d
    • Daty biograficzne (NP)
    • (1955- ).
    • 9
    • KHW
    • 80436
240 -Tytuł ujednolicony [1,0]
    • a
    • Tytuł ujednolicony
    • Jihad
    • l
    • Język tekstu
    • (pol.)
    • 9
    • KHW
    • 80438
245 -Strefa tytułu i oznaczenia odpowiedzialności [1,0]
    • a
    • Tytuł
    • Święta wojna : Find
    • b
    • Ciąg dalszy tytułu (NP)
    • ekspansja i upadek fundamentalizmu muzułmańskiego / Find
    • c
    • Pozostałe elementy strefy tytułu i oznaczenia odpowiedzialności (NP)
    • Gilles Kepel ; przekł. Katarzyna Pachniak.
260 -Strefa adresu wydawniczego [ , ]
    • a
    • Miejsce wydania (P)
    • Warszawa :
    • b
    • Nazwa wydawcy (P)
    • Dialog,
    • c
    • Data wydania (P)
    • 2003.
300 -Strefa opisu fizycznego [ , ]
    • a
    • Określenie formy książki i/lub objętość (NP)
    • 391 s. :
    • b
    • Oznaczenie ilustracji (NP)
    • il. ;
    • c
    • Format (NP)
    • 23 cm.
336 -Typ zawartości [ , ]
    • a
    • Termin opisujący typ zawartości
    • Tekst
    • b
    • Kod określający zawartość
    • txt
    • 2
    • Źródło (terminu i kodu)
    • rdacontent
337 -Typ mediów [ , ]
    • a
    • Tryb odtwarzania
    • Bez urządzenia pośredniczącego
    • b
    • Kod typu mediów
    • n
    • 2
    • Źródło (terminu i kodu)
    • rdamedia
338 -Typ/rodzaj nośnika [ , ]
    • a
    • Hasło opisujące typ nośnika
    • Wolumin
    • b
    • Kod typu nośnika
    • nc
    • 2
    • Źródło (terminu i kodu)
    • rdacarrier
504 -Uwaga dot. bibliogr. załącznikowej [ , ]
    • a
    • Uwaga dot. bibliografii załącznikowej
    • Indeks.
080 -Uniwersalna Klasyfikacja Dziesiętna [ , ]
    • a
    • Symbol klasyfikacji
    • 28
    • 2
    • Identyfikator wydania tablic
    • UDC-P058
    • 9
    • UKD
    • 2694
    • b
    • Dopowiedzenie
    • Islam.
080 -Uniwersalna Klasyfikacja Dziesiętna [ , ]
    • a
    • Symbol klasyfikacji
    • 323.27
    • 2
    • Identyfikator wydania tablic
    • UDC-P058
    • 9
    • UKD
    • 2874
    • b
    • Dopowiedzenie
    • Rewolucja. Przewrót. Kontrrewolucja. Zamach stanu. Pucz. Wojna domowa.
    • 4
    • UKD2
    • 15208
    • x
    • Poddział wspólny
    • (5/6=411.21)
    • c
    • Dopowiedzenie poddz. wspólnego
    • (Kraje arabskie (ogólnie)).
    • 4
    • UKD2
    • 8650
    • x
    • Poddział wspólny
    • "1945/..."
    • c
    • Dopowiedzenie poddz. wspólnego
    • Od 1945.
    • 4
    • UKD2
    • 96580
    • x
    • Poddział wspólny
    • (100-69:28)
    • c
    • Dopowiedzenie poddz. wspólnego
    • (Kraje muzułmańskie, islamskie).
650 -Hasło przedmiotowe [ ,7]
    • a
    • Hasło przedmiotowe
    • Dżihad
    • y
    • Określnik chronologiczny
    • 1945-.
    • 2
    • Źródło terminu
    • kaba
    • 9
    • KHW
    • 388528
650 -Hasło przedmiotowe [ ,7]
    • a
    • Hasło przedmiotowe
    • Integryzm islamski
    • y
    • Określnik chronologiczny
    • 1945-.
    • 2
    • Źródło terminu
    • kaba
    • 9
    • KHW
    • 388525
650 -Hasło przedmiotowe [ ,7]
    • a
    • Hasło przedmiotowe
    • Islam
    • y
    • Określnik chronologiczny
    • 1945-.
    • 2
    • Źródło terminu
    • kaba
    • 9
    • KHW
    • 388526
650 -Hasło przedmiotowe [ ,7]
    • a
    • Hasło przedmiotowe
    • Islam i państwo
    • y
    • Określnik chronologiczny
    • 1945-.
    • 2
    • Źródło terminu
    • kaba
    • 9
    • KHW
    • 388527
980 -Symbol UKD [ , ]
    • a
    • UKD
    • 28:323.27(5/6=411.21+100-69:28))"1945/..."
700 -Hasło dodatkowe - nazwa osobowa [1, ]
    • a
    • Nazwa osobowa (NP)
    • Pachniak, Katarzyna. Find
    • e
    • Określenie rodzaju współpracy
    • Tł.
    • 9
    • KHW
    • 11977
710 -Hasło dodatkowe - nazwa ciała zbiorowego [2, ]
    • a
    • Nazwa ciała zbiorowego lub nazwa geograficzna jako pierwszy element (NP)
    • Wydawnictwo Akademickie DIALOG.
    • 4
    • Kod relacji
    • pbl
    • 9
    • KHW
    • 54490
920 -ISBN [ , ]
    • a
    • ISBN
    • 83-88938-37-1 Find
Numer inwentarzowy Sygnatura Status udost. Data inwentaryzacji Lokalizacja
Z.103828Z.10382812004-12-10BG
WM.3125WM.3125-32004-12-10BG
WM.3126WM.3125-32004-12-10BG
WM.3127WM.3125-32004-12-10BG
H.13553H.1355312005-02-22BNS